Tây Ninh 30 năm trung dũng kiên cường Sơ thảo

Đã lưu trong:
Sonraí Bibleagrafaíochta
Formáid: Leabhar
Teanga:English
Foilsithe: Tây ninh Tuyên giáo 1990
Ábhair:
Clibeanna: Cuir Clib Leis
Gan Chlibeanna, Bí ar an gcéad duine leis an taifead seo a chlibeáil!
Thư viện lưu trữ: Trung tâm Học liệu Lê Vũ Hùng, Trường Đại học Đồng Tháp
LEADER 00709pam a22002298a 4500
001 00041932
008 170505s1996 ||||||engsd
005 20180809140804.0
041 0 # |a Vie 
082 0 4 |a 959.704  |b T126N 
245 1 0 |b Sơ thảo  |a Tây Ninh 30 năm trung dũng kiên cường 
260 # # |a Tây ninh  |b Tuyên giáo  |c 1990 
300 # # |a 502 tr  |c 21 cm. 
500 # # |a ĐTTS ghi: Ban tổng kết chiến tranh 
653 # # |a Chiến tranh 
653 # # |a Việt Nam 
653 # # |a Lịch sử 
653 # # |a Pháp Mỹ 
653 # # |a Tây Ninh 
852 # # |j KD.0024539 
910 |d 09/08/2018 
980 # # |a Trung tâm Học liệu Lê Vũ Hùng, Trường Đại học Đồng Tháp